00290nam a2200097 a 450000500170000000800410001705000230005810000260008124500530010726000320016020140414131952.0110207s19uu xx 00 eng d aTR 420.7bG99 2005 aGuzman, Maybelle Koch aBe your own english teacher! nouns and pronouns. bMiflores Publishing,c2005.